000 00580 a2200193 4500
001 61734
005 20260407155908.0
008 260407a1987 arg spa d
003 AR-UNSa-BCEJYS
040 _aAR-UNSa-BCEJYS
_bspa
_cAR-UNSa-BCEJYS
080 _a347
_xDerecho Civil
245 1 0 _aProyecto de Código Civil
_pSegún texto aprobado por la Honorable Cámara de Diputados de la Nación
264 1 _aBuenos Aires :
_bAstrea
_c1987
300 _a171 p.
_c20 cm.
041 _aspa
942 _cBK
590 _aniveau_biblio:m niveau_hierar:0
100 1 _aCamisar, Osvaldo
999 _c7386
_d7386